Trigonometría moderna
Gespeichert in:
| Hauptverfasser: | , |
|---|---|
| Format: | Buch |
| Sprache: | Spanisch |
| Veröffentlicht: |
Ciudad de México
UTEHA
1973
|
| Schlagworte: | |
| Tags: |
Tag hinzufügen
Keine Tags, Fügen Sie den ersten Tag hinzu!
|
MARC
| LEADER | 00000nam a2200000 a 4500 | ||
|---|---|---|---|
| 001 | UCT3156 | ||
| 003 | CL-VaPUC | ||
| 008 | 961018e19730000MX |||||||||||||||||spa|d | ||
| 082 | 0 | 4 | |a 516.24 |b LUC |2 21 |
| 100 | |a Lucas, C. W. |e autor |9 372098 | ||
| 700 | 0 | |a James, R. T |e author |9 372099 | |
| 245 | 1 | 0 | |a Trigonometría moderna |
| 300 | |a v | ||
| 942 | |c BK | ||
| 945 | |d 19961018 00:00:00 |a paguirre | ||
| 260 | |a Ciudad de México |b UTEHA |c 1973 | ||
| 650 | 0 | |a Geometría |9 264063 | |
| 650 | 0 | |a Trigonometría |9 259568 | |
| 650 | 0 | |a Funciones |9 263869 | |
| 650 | 7 | |a MEDIDA |2 CL-VaPUC |9 360062 | |
| 650 | 7 | |a RELACIONES |2 CL-VaPUC |9 268744 | |
| 583 | |a last modification |c 19961018 00:00:00 |k Rodrigo Vera | ||
| 999 | |c 252923 |d 252921 | ||
| 952 | |0 0 |1 0 |4 0 |6 516_240000000000000_LUC_1973 |7 0 |8 A |9 273104 |a BIBCUR |b BIBCUR |d 2019-11-19 |h v.1 |i 1765906 |o 516.24 LUC 1973 |p 1765906 |r 2025-04-22 |w 2019-11-19 |y BK |k BCB | ||